000 00584nam a2200205 4500
003 OSt
005 20240626061409.0
006 a
008 240626b |||||||| |||| 00| 0 eng d
020 _a9789814296557
040 _aDWCL-HMN lib.
_cOC
082 _aCirc. 910.45 D439s 2010
100 _aDervaes, Claudine
245 _aSelling cruises: everything you need to know /
260 _aSingapore :
_bCengage Learning Asia Pte Ltd,
_cc2010.
300 _b181 p. ; maps ;
_c23 cm.
504 _aIncludes index.
650 _a1. Ocean travel.
942 _2ddc
_n0
_cBK-CIRC
_kCirc.
999 _c1397
_d1397